地下鉄路線長ランキング - Statistics

General Stats
  • This quiz has been taken 92 times
  • The average score is 16 of 48
Answer Stats
順位 営業キロ 路線名 % Correct
1 40.7 km 都営大江戸線
89%
2 30.8 km メトロ東西線
75%
3 28.3 km メトロ有楽町線
57%
42 0.8 km 名市交上飯田線
52%
4 27.4 km メトロ丸ノ内線
43%
6 26.4 km 名市交名城線
43%
5 26.5 km 都営三田線
41%
7 24.5 km 大阪市営御堂筋線
39%
3 28.3 km 大阪市営谷町線
37%
9 23.5 km 都営新宿線
37%
10 21.3 km メトロ南北線
36%
16 20.1 km 札幌市営東西線
33%
21 17.5 km 京都市営東西線
33%
39 6.0 km 名市交名港線
33%
8 24.0 km メトロ千代田線
32%
13 20.6 km 名市交東山線
32%
20 18.3 km 都営浅草線
32%
27 14.2 km メトロ銀座線
32%
28 13.9 km 仙台市営東西線
32%
11 21.1 km 大阪市営中央線
31%
14 20.4 km 名市交鶴舞線
31%
15 20.3 km メトロ日比谷線
31%
18 19.1 km 名市交桜通線
31%
24 14.8 km 仙台市営南北線
31%
26 14.3 km 札幌市営南北線
31%
32 11.9 km メトロ副都心線
31%
32 11.9 km 大阪市営今里筋線
29%
12 20.7 km 横浜市営3号線(ブルーライン)
29%
22 16.8 km メトロ半蔵門線
28%
23 15.0 km 大阪市営長堀鶴見緑地線
28%
31 13.1 km 福岡市営空港線
28%
33 11.8 km 大阪市営四つ橋線
28%
36 7.9 km 神戸市営海岸線
28%
29 13.7 km 京都市営烏丸線
27%
30 13.6 km 札幌市営東豊線
27%
35 8.1 km 大阪市営堺筋線
27%
41 4.7 km 福岡市営箱崎線
27%
31 13.1 km 横浜市営4号線(グリーンライン)
27%
30 13.6 km 福岡市営七隈線
25%
31 13.1 km 大阪市営千日前線
25%
37 7.6 km 神戸市営山手線
25%
34 9.4 km 神戸市営西神延伸線
24%
38 7.5 km 神戸市営北神線
24%
40 5.7 km 神戸市営西神線
24%
17 19.7 km 横浜市営1号線(ブルーライン)
24%
25 14.6 km SR埼玉高速鉄道線 (埼玉スタジアム線)
20%
19 18.4 km 広島高速交通1号線(アストラムライン)
20%
36 7.9 km 大阪市営南港ポートタウン線(ニュートラム)
16%
No matching quizzes found
Score Distribution
Percent of People with Each Score
Percentile by Number Answered
Your Score History
You have not taken this quiz